000 00706nam a2200217 i 4500
001 141343
003 ES-MaACL
005 20230906200256.0
007 t|
008 070921s1957 sp ||||1| spa d
080 _a241.512
100 1 _aVillares, Justo de.
_9115115
245 1 3 _aLa esperanza cristiano a la luz de las enseñanzas bíblicas
_b: "Sursum corda" /
_cJusto de Villares.
260 _a[Pamplona] :
_bDesclée de Brouwer,
_c1957.
300 _a212 p. :
_bil. ;
_c19 cm.
490 1 _aColección Spiritus ;
_v13
650 _aEsperanza-
_xAspectos religiosos.
_912498
830 0 _aColección Spiritus ;
_v13
_9220403
852 _aES-MaACL
_jC-14443
_bR.40551
999 _c141343
_d141343